| 000 | 01370nam a2200349 c 4500 | ||
|---|---|---|---|
| 003 | BLK | ||
| 005 | 20180420234911.0 | ||
| 008 | 180410b bul|||||r ||||||| ||bul|| | ||
| 010 | _aKNG00172327000 | ||
| 020 |
_a978-954-399-092-4 _bиздат.: СББ Медиа |
||
| 040 | _aBLK | ||
| 041 |
_aBUL _cBUL |
||
| 072 | 7 |
_2bullib _aН8300 _xРомантична проза Н |
|
| 080 |
_aАмериканска литература (на САЩ) _b821.111(73) _x-31 _z821.111(73)-31 |
||
| 100 | 1 |
_aАлън, Сара Адисън _eпърви автор _9281347 |
|
| 139 |
_aАлън, Сара Адисън _bА 59 |
||
| 245 | 1 | 0 |
_aГрадина на желанията _bРоман _cСара Адисън Алън. |
| 257 | _aUSA | ||
| 260 |
_аСофия _bСББ Медиа _c2014 _fСофия : Ропринт |
||
| 300 |
_a168 с. _c20 см |
||
| 380 | _aX | ||
| 490 | 1 | _aКолекция Love Bestsellers | |
| 500 | _a1. изд. 2008 на изд. Ера. - Ориг. загл. Garden Spells / Sarah Addison Allen. - Разпространява се със сп. Cosmopolitan. | ||
| 653 | _aромантична проза | ||
| 653 | _aромани | ||
| 659 | _aН | ||
| 852 | _aЦб 273068 | ||
| 856 | 4 |
_qpdf _u |
|
| 856 | 4 |
_qpdf _u |
|
| 942 |
_cKNG _n0 _01 |
||
| 944 |
_aCR _c27.02.2015 _kВиолета_Тройчева |
||
| 944 |
_aED _c15.09.2015 _kПенка_Димитрова |
||
| 999 |
_c164780 _d164780 |
||